| 000 | 00683nam a22002057a 4500 | ||
|---|---|---|---|
| 999 |
_c13550 _d13550 |
||
| 003 | AR-CdUCM | ||
| 008 | 190415b ||||| |||| 00| 0 spa d | ||
| 040 |
_aMUNICIPALIDAD PROVINCIAL DEL CUSCO _cBIBLIOTECA MUNICIPAL DEL CUSCO |
||
| 082 |
_aC / 869.55 / _bP26 / 1953 |
||
| 100 |
_aParedes, Luis Felpe _932010 |
||
| 245 | _aPequeños ensayos / | ||
| 260 |
_aCuzco : _bMercantil, _c1953. |
||
| 300 |
_a74 páginas ; _c19 cm. |
||
| 505 | _aContenido : Jean Lombard -- Ángel Vega Enriquez -- El santuario de huanca -- Visión de Urubamba ... | ||
| 650 |
_aEnsayos _9375 |
||
| 650 |
_aAutores _9730 |
||
| 650 |
_aCusqueños _932011 |
||
| 942 |
_2ddc _cLIBROS |
||
| 945 |
_arah _d15/04/2019 |
||